Filosofía de la ciencia : una introducción /
Guardado en:
| Autor Principal: | |
|---|---|
| Formato: | Libro |
| Idioma: | Undetermined |
| Publicado: |
Madrid :
Encuentro,
2002.
|
| Edición: | 1a. ed. |
| Series: | Ensayos ;
202 |
| Materias: | |
| Etiquetas: |
Agregar Etiqueta
Sin Etiquetas, Sea el primero en etiquetar este registro!
|
| LEADER | 00599nam a22001935a 4500 | ||
|---|---|---|---|
| 001 | DER.der014952 | ||
| 008 | 231226s2002####sp############000#0#und#d | ||
| 005 | 20231226113116.0 | ||
| 245 | 1 | 0 | |a Filosofía de la ciencia : |b una introducción / |c Alfonso Pérez de Laborda. |
| 250 | |a 1a. ed. | ||
| 260 | |a Madrid : |b Encuentro, |c 2002. | ||
| 300 | |a 150 p. | ||
| 490 | 1 | |a Ensayos ; |v 202 | |
| 020 | |a 847490658X | ||
| 100 | 1 | |a Pérez de Laborda, Alfonso. | |
| 650 | 7 | |a FILOSOFIA DE LA CIENCIA | |
| 650 | 7 | |a NATURALEZA Y NATURALIZACION | |
| 650 | 7 | |a MATERIALISMO RADICAL | |
| 859 | |a DERECHO |b BIB. DERECHO |h 340.1 |i PER |p 0010286 | ||
